[Event "12th ChessMates International, York"]
[Site "York Guildhall"]
[Date "2025.03.21"]
[Round "2.9"]
[White "Jonsson, Tristan Fannar"]
[Black "Jevglevski, Lev"]
[Result "0-1"]
[WhiteElo "1557"]
[BlackElo "1551"]
[PlyCount "64"]
[EventDate "2025.??.??"]
[WhiteTeam "Iceland"]
[BlackTeam "Estonia"]
[WhiteTeamCountry "ISL"]
[BlackTeamCountry "EST"]

1. e4 e6 2. d4 d5 3. e5 c5 4. c3 Qb6 5. Nf3 Nc6 6. Bd3 cxd4 7. O-O dxc3 8. Nxc3
Nge7 9. Re1 Bd7 10. h4 O-O-O 11. Nb5 Ng6 12. Bg5 Re8 13. Rc1 Kb8 14. Qc2 Nb4
15. Qc7+ Qxc7 16. Rxc7 Nxd3 17. Rxd7 Nxe1 18. Nxe1 Be7 19. Be3 a6 20. Ba7+ Ka8
21. Nc7+ Kxa7 22. Nxe8 Rxe8 23. Nf3 Kb8 24. h5 Kc8 25. hxg6 Kxd7 26. gxh7 Rh8
27. a3 Rxh7 28. b4 b5 29. Nd2 Rh4 30. Nb3 d4 31. Kf1 d3 32. Nd2 Rh1# 0-1

[Event "12th ChessMates International, York"]
[Site "York Guildhall"]
[Date "2025.03.21"]
[Round "2.10"]
[White "Voropaiev, Vladyslav"]
[Black "Tomasdottir, Katrin Osk"]
[Result "1-0"]
[WhiteElo "1478"]
[BlackElo "1611"]
[PlyCount "103"]
[EventDate "2025.??.??"]
[WhiteTeam "Estonia"]
[BlackTeam "Iceland"]
[WhiteTeamCountry "EST"]
[BlackTeamCountry "ISL"]

1. e4 c5 2. Nf3 e6 3. d4 cxd4 4. Nxd4 Nc6 5. Nc3 a6 6. Be2 Qc7 7. O-O Nf6 8. h3
Be7 9. Bf3 O-O 10. a3 Rd8 11. Re1 d6 12. Be3 h6 13. Qd2 Nxd4 14. Bxd4 Bd7 15.
Qe3 Bc6 16. Bb6 Qd7 17. Bxd8 Qxd8 18. Rad1 Qc7 19. g4 Rd8 20. Bg2 d5 21. exd5
Nxd5 22. Nxd5 Bxd5 23. Bxd5 exd5 24. Qxe7 Qb6 25. Qe5 Rc8 26. Qf5 Rd8 27. Rxd5
g6 28. Rxd8+ Qxd8 29. Qe4 Qh4 30. Qg2 b5 31. Re8+ Kg7 32. Qg3 Qf6 33. Qe5 Qxe5
34. Rxe5 Kf6 35. Rc5 Ke7 36. Rc6 a5 37. Rc5 b4 38. Rxa5 bxa3 39. Rxa3 Kd6 40.
Rc3 Ke5 41. b4 f5 42. b5 fxg4 43. b6 gxh3 44. b7 h2+ 45. Kxh2 Kd4 46. Rc8 g5
47. b8=Q h5 48. Qb4+ Kd5 49. Rc5+ Kd6 50. Qb6+ Kd7 51. Rc7+ Kd8 52. Qb8# 1-0

[Event "12th ChessMates International, York"]
[Site "York Guildhall"]
[Date "2025.03.21"]
[Round "2.11"]
[White "Badacsonyi, Stanley"]
[Black "Sheahan, Ben"]
[Result "1-0"]
[WhiteElo "2334"]
[BlackElo "2044"]
[PlyCount "83"]
[EventDate "2025.??.??"]
[WhiteTeam "England"]
[BlackTeam "Ireland"]
[WhiteTeamCountry "ENG"]
[BlackTeamCountry "IRL"]

1. d4 e6 2. c4 Nf6 3. Nc3 Bb4 4. e3 O-O 5. Bd2 b6 6. Nf3 Bb7 7. Bd3 d6 8. O-O
Nbd7 9. a3 Bxc3 10. Bxc3 Ne4 11. Be1 c5 12. Qc2 Ndf6 13. dxc5 Nxc5 14. Be2 Rc8
15. b4 Ncd7 16. Qb2 Ba6 17. Rc1 d5 18. b5 Bb7 19. Bb4 Nc5 20. Rfd1 Qe7 21. Ne5
dxc4 22. Rxc4 Rc7 23. Nd3 Rfc8 24. Nxc5 bxc5 25. Bc3 Ne8 26. h3 f6 27. Ra4 Bd5
28. e4 Ba8 29. Qd2 Rb7 30. Bc4 Rcb8 31. Ra5 h6 32. a4 Kh7 33. f3 Qf7 34. Ra6
Re7 35. Ba5 Nc7 36. Rxa7 Bb7 37. Qd6 h5 38. Bxc7 Rxc7 39. Bxe6 Qe7 40. Qxe7
Rxe7 41. Bd5 Rd7 42. Bg8+ 1-0

[Event "12th ChessMates International, York"]
[Site "York Guildhall"]
[Date "2025.03.21"]
[Round "2.13"]
[White "Pereslavtsev, Alexandr"]
[Black "Woods, Christopher"]
[Result "1-0"]
[WhiteElo "2095"]
[BlackElo "1972"]
[PlyCount "49"]
[EventDate "2025.??.??"]
[WhiteTeam "England"]
[BlackTeam "Ireland"]
[WhiteTeamCountry "ENG"]
[BlackTeamCountry "IRL"]

1. d4 Nf6 2. c4 e6 3. Nf3 b6 4. g3 Ba6 5. Qc2 Bb7 6. Bg2 c5 7. d5 exd5 8. cxd5
Nxd5 9. Ng5 Ne3 10. Bxe3 Bxg2 11. Rg1 Bc6 12. Nc3 h6 13. Nf3 Be7 14. O-O-O Bxf3
15. exf3 Nc6 16. Qf5 d6 17. Ne4 Qd7 18. Qd5 Rd8 19. a3 O-O 20. g4 Na5 21. g5
hxg5 22. Bxg5 Rfe8 23. Bf6 Qe6 24. Rxg7+ Kf8 25. Rg8+ 1-0

[Event "12th ChessMates International, York"]
[Site "York Guildhall"]
[Date "2025.03.21"]
[Round "2.14"]
[White "Arun, Nitish"]
[Black "Patel, Keatan"]
[Result "1/2-1/2"]
[WhiteElo "1967"]
[BlackElo "1985"]
[PlyCount "52"]
[EventDate "2025.??.??"]
[WhiteTeam "Ireland"]
[BlackTeam "England"]
[WhiteTeamCountry "IRL"]
[BlackTeamCountry "ENG"]

1. d4 Nf6 2. c4 g6 3. g3 c6 4. Bg2 d5 5. cxd5 cxd5 6. Nc3 Nc6 7. Bg5 Bg7 8.
Bxf6 Bxf6 9. e3 e6 10. Nge2 b6 11. O-O O-O 12. Nf4 Bb7 13. Rc1 Rc8 14. Re1 Ne7
15. Nd3 h5 16. h4 Nf5 17. Qd2 Qe7 18. Rc2 Nd6 19. b3 Rc7 20. Rec1 Rfc8 21. Ne2
Qd8 22. Rxc7 Rxc7 23. Rxc7 Qxc7 24. Qc3 Nb5 25. Qxc7 Nxc7 26. Nc3 Kf8 1/2-1/2

[Event "12th ChessMates International, York"]
[Site "York Guildhall"]
[Date "2025.03.21"]
[Round "2.15"]
[White "Marsden, Samuel"]
[Black "Barnes, Oliver"]
[Result "1-0"]
[WhiteElo "2049"]
[BlackElo "2027"]
[PlyCount "65"]
[EventDate "2025.??.??"]
[WhiteTeam "England"]
[BlackTeam "Ireland"]
[WhiteTeamCountry "ENG"]
[BlackTeamCountry "IRL"]

1. e4 e6 2. d4 d5 3. Bd3 dxe4 4. Bxe4 Nf6 5. Bf3 Be7 6. Ne2 O-O 7. Nbc3 c5 8.
d5 Qb6 9. O-O Rd8 10. Qe1 Nxd5 11. Nxd5 exd5 12. Nf4 Be6 13. c4 d4 14. Nxe6
fxe6 15. Bd2 Re8 16. Qe4 Qc6 17. Qg4 Qd7 18. Rfe1 Bf6 19. Rxe6 Rxe6 20. Bd5 Kh8
21. Bxe6 Qc7 22. Qh5 g6 23. Qf3 Bg7 24. Bf4 Qb6 25. Be5 Nc6 26. Bxg7+ Kxg7 27.
Qf7+ Kh6 28. g4 Qd8 29. h4 Qxh4 30. Kg2 Ne5 31. Qf4+ g5 32. Qxe5 Rf8 33. f3 1-0

[Event "12th ChessMates International, York"]
[Site "York Guildhall"]
[Date "2025.03.21"]
[Round "2.16"]
[White "Duan, Yinan"]
[Black "Welling, Zac"]
[Result "0-1"]
[WhiteElo "1801"]
[BlackElo "1976"]
[PlyCount "94"]
[EventDate "2025.??.??"]
[WhiteTeam "Ireland"]
[BlackTeam "England"]
[WhiteTeamCountry "IRL"]
[BlackTeamCountry "ENG"]

1. e4 c5 2. Nf3 d6 3. d4 cxd4 4. Nxd4 Nf6 5. Nc3 a6 6. Bg5 Nbd7 7. f4 Qc7 8.
Qf3 h6 9. Bh4 g5 10. fxg5 hxg5 11. Bxg5 Qc5 12. Bxf6 Nxf6 13. Nf5 Be6 14. O-O-O
Qe5 15. Qg3 Qxg3 16. Nxg3 Ng4 17. Re1 Bh6+ 18. Kb1 Bd2 19. Re2 Bxc3 20. bxc3
Rxh2 21. Rxh2 Nxh2 22. Rd2 Ng4 23. Rd4 Rc8 24. Kb2 Ne5 25. Rb4 Rc7 26. Be2 Kd8
27. Nh5 Kc8 28. Nf4 Rc5 29. Nxe6 fxe6 30. Kb3 Nc6 31. Ra4 Rg5 32. Bf3 Ne5 33.
Rd4 Rg3 34. c4 Nxf3 35. gxf3 Rxf3+ 36. Rd3 Rxd3+ 37. cxd3 e5 38. Kb4 Kc7 39. a3
Kc6 40. Kb3 Kc5 41. Kc3 b6 42. a4 e6 43. Kb3 Kd4 44. Kc2 d5 45. cxd5 exd5 46.
exd5 Kxd5 47. Kc3 Kc5 0-1

[Event "12th ChessMates International, York"]
[Site "York Guildhall"]
[Date "2025.03.21"]
[Round "2.17"]
[White "Lebedev, Lion"]
[Black "Bartczak, Korneliusz"]
[Result "1/2-1/2"]
[WhiteElo "2038"]
[BlackElo "1938"]
[PlyCount "45"]
[EventDate "2025.??.??"]
[WhiteTeam "England"]
[BlackTeam "Ireland"]
[WhiteTeamCountry "ENG"]
[BlackTeamCountry "IRL"]

1. d4 d5 2. Nf3 Nf6 3. c4 c6 4. g3 Bf5 5. Bg2 h6 6. Nc3 e6 7. O-O Be7 8. Qb3
Qb6 9. c5 Qxb3 10. axb3 O-O 11. b4 a6 12. Ne5 Nbd7 13. f4 Rfd8 14. Bd2 Ne4 15.
Bxe4 Bxe4 16. Nxe4 dxe4 17. Bc3 f5 18. Nxd7 Rxd7 19. Kf2 Kf7 20. h4 h5 21. Ra5
Bd8 22. Ra4 Bf6 23. e3 1/2-1/2

[Event "12th ChessMates International, York"]
[Site "York Guildhall"]
[Date "2025.03.21"]
[Round "2.18"]
[White "Cole, Ethan"]
[Black "Ashton, Alannah"]
[Result "1-0"]
[WhiteElo "1900"]
[BlackElo "1863"]
[PlyCount "89"]
[EventDate "2025.??.??"]
[WhiteTeam "Ireland"]
[BlackTeam "England"]
[WhiteTeamCountry "IRL"]
[BlackTeamCountry "ENG"]

1. Nf3 Nf6 2. g3 g6 3. Bg2 Bg7 4. O-O O-O 5. d3 d5 6. Nbd2 c5 7. e4 d4 8. Ne1
e5 9. f4 Nc6 10. a4 Rb8 11. Nc4 Be6 12. b3 a6 13. Nf3 Bxc4 14. bxc4 b5 15. axb5
axb5 16. cxb5 Rxb5 17. f5 Qb6 18. Bg5 c4 19. Nd2 c3 20. Nc4 Qc7 21. Ra6 h6 22.
Bxf6 Bxf6 23. h4 Kg7 24. Qg4 Qb7 25. Raa1 Qc7 26. fxg6 fxg6 27. h5 g5 28. Qf5
Ne7 29. Qe6 Rc5 30. Nd6 Rc6 31. Rxf6 Rxf6 32. Ne8+ Kh8 33. Qxf6+ Rxf6 34. Nxc7
Rb6 35. Nd5 Rb2 36. Nxe7 Rxc2 37. Bf1 Rd2 38. Rc1 Kg7 39. Nf5+ Kh7 40. Nd6 Kg7
41. Nc4 Ra2 42. Nxe5 Kf6 43. Nc6 Ra4 44. Nxd4 Rxd4 45. Rxc3 1-0

[Event "12th ChessMates International, York"]
[Site "York Guildhall"]
[Date "2025.03.21"]
[Round "2.19"]
[White "Verbytski, Oleg"]
[Black "White, Nicole"]
[Result "1-0"]
[WhiteElo "2111"]
[BlackElo "1727"]
[PlyCount "39"]
[EventDate "2025.??.??"]
[WhiteTeam "England"]
[BlackTeam "Ireland"]
[WhiteTeamCountry "ENG"]
[BlackTeamCountry "IRL"]

1. e4 c6 2. d4 d5 3. exd5 cxd5 4. c4 Nf6 5. Nc3 g6 6. Nf3 Bg7 7. cxd5 Nxd5 8.
Bc4 Nf6 9. O-O O-O 10. Bf4 Bg4 11. Be2 Nd5 12. Bg3 Nc6 13. h3 Bc8 14. Qb3 Nb6
15. Rfd1 e6 16. Rac1 Qe7 17. Nb5 Rd8 18. Nc7 Rb8 19. d5 e5 20. Nb5 1-0

[Event "12th ChessMates International, York"]
[Site "York Guildhall"]
[Date "2025.03.21"]
[Round "2.20"]
[White "Andhurthi, Sreeyan"]
[Black "Norris, Zack"]
[Result "0-1"]
[WhiteElo "1631"]
[BlackElo "1929"]
[PlyCount "94"]
[EventDate "2025.??.??"]
[WhiteTeam "Ireland"]
[BlackTeam "England"]
[WhiteTeamCountry "IRL"]
[BlackTeamCountry "ENG"]

1. e4 c5 2. Nf3 Nc6 3. d4 cxd4 4. Nxd4 g6 5. c4 Nf6 6. Nc3 d6 7. Be2 Bg7 8. Be3
O-O 9. O-O Bd7 10. f3 Nxd4 11. Bxd4 a5 12. Nd5 Nxd5 13. cxd5 b5 14. Bxg7 Kxg7
15. Qd4+ Kg8 16. Rac1 Rc8 17. Qe3 a4 18. Rxc8 Qxc8 19. Rc1 Qb7 20. a3 b4 21.
Rc4 bxa3 22. bxa3 Rb8 23. Rb4 Qc7 24. Rxb8+ Qxb8 25. Bc4 Qb1+ 26. Kf2 Qc2+ 27.
Qe2 Qc1 28. Qd3 h5 29. h3 h4 30. Ba6 Qb2+ 31. Kf1 Qb6 32. Bc4 Qc5 33. Ba6 Qc1+
34. Kf2 Qf4 35. Qf1 Qg3+ 36. Ke2 Qe5 37. Qb1 Qh2 38. Qb8+ Kg7 39. Kf1 Bxh3 40.
gxh3 Qxh3+ 41. Kf2 Qh2+ 42. Ke3 Qg1+ 43. Kf4 h3 44. Qb2+ Kh7 45. e5 h2 46. exd6
h1=Q 47. d7 Qh6+ 0-1

[Event "12th ChessMates International, York"]
[Site "York Guildhall"]
[Date "2025.03.21"]
[Round "2.21"]
[White "Rich, Aaron"]
[Black "Marchix, Esteban"]
[Result "1-0"]
[WhiteElo "1918"]
[BlackElo "2170"]
[PlyCount "69"]
[EventDate "2025.??.??"]
[WhiteTeam "Yorkshire"]
[BlackTeam "Monaco"]
[BlackTeamCountry "MNC"]

1. b3 e5 2. Bb2 Nc6 3. e3 d5 4. Bb5 Nge7 5. Ne2 a6 6. Bxc6+ Nxc6 7. O-O Bd6 8.
f4 Bg4 9. Qe1 O-O 10. Nbc3 Nb4 11. Qg3 f5 12. fxe5 Be7 13. h3 Bxe2 14. Nxe2 Bh4
15. Qf4 Nxc2 16. Rac1 Bg5 17. Qa4 Nxe3 18. dxe3 Bxe3+ 19. Kh1 Bxc1 20. Rxc1 c6
21. Qd4 Qg5 22. Nf4 Rfe8 23. Kh2 h6 24. Rc3 Kh7 25. Rg3 Qe7 26. Nh5 g5 27. Nf6+
Kg6 28. Qh4 Rh8 29. Qh5+ Kg7 30. e6 Qxe6 31. Ne4+ Kf8 32. Nxg5 Qe8 33. Ba3+ Kg7
34. Nh7+ Kxh7 35. Qxf5+ 1-0

[Event "12th ChessMates International, York"]
[Site "York Guildhall"]
[Date "2025.03.21"]
[Round "2.22"]
[White "Kien, Clovis"]
[Black "Pitel, Benedikt"]
[Result "1-0"]
[WhiteElo "1861"]
[BlackElo "1827"]
[PlyCount "57"]
[EventDate "2025.??.??"]
[WhiteTeam "Monaco"]
[BlackTeam "Yorkshire"]
[WhiteTeamCountry "MNC"]

1. d4 d5 2. c4 c6 3. Nf3 Nf6 4. Nc3 e6 5. e3 Bd6 6. Qc2 O-O 7. Bd3 dxc4 8. Bxc4
b6 9. e4 Be7 10. e5 Nd5 11. Ne4 h6 12. h4 Bb7 13. Bxh6 gxh6 14. Neg5 Bxg5 15.
hxg5 Ne7 16. O-O-O Ng6 17. Rxh6 Kg7 18. Bxe6 Qe7 19. Rdh1 Rg8 20. Rh7+ Kf8 21.
Rxf7+ Qxf7 22. Bxf7 Kxf7 23. Rh7+ Rg7 24. Qf5+ Kg8 25. Rxg7+ Kxg7 26. Qf6+ Kg8
27. Qxg6+ Kf8 28. e6 Ke7 29. Qf7+ 1-0

[Event "12th ChessMates International, York"]
[Site "York Guildhall"]
[Date "2025.03.21"]
[Round "2.23"]
[White "Quaite, Toby"]
[Black "Brion Lacherest, Nathan"]
[Result "1/2-1/2"]
[WhiteElo "1905"]
[BlackElo "2037"]
[PlyCount "67"]
[EventDate "2025.??.??"]
[WhiteTeam "Yorkshire"]
[BlackTeam "Monaco"]
[BlackTeamCountry "MNC"]

1. Nf3 d5 2. g3 Nf6 3. Bg2 e6 4. O-O Be7 5. c4 O-O 6. b3 c5 7. Bb2 Nc6 8. cxd5
Nxd5 9. a3 b6 10. d4 Bb7 11. dxc5 Bxc5 12. b4 Be7 13. e4 Nf6 14. Qe2 a6 15. Nc3
b5 16. Rfd1 Qc7 17. Rac1 Rfd8 18. h3 Rxd1+ 19. Rxd1 Rd8 20. Rxd8+ Qxd8 21. e5
Nd7 22. Ne4 Nb6 23. Nfd2 Na4 24. Nb3 Qc7 25. f4 Qb6+ 26. Kh2 a5 27. bxa5 Nxa5
28. Bd4 Qa6 29. Nxa5 Bxe4 30. Bxe4 Qxa5 31. Qd3 g6 32. Bc6 b4 33. Qc2 Nc3 34.
axb4 1/2-1/2

[Event "12th ChessMates International, York"]
[Site "York Guildhall"]
[Date "2025.03.21"]
[Round "2.24"]
[White "Berezovsky, Fiorina"]
[Black "Wainwright, Charlie"]
[Result "1/2-1/2"]
[WhiteElo "1816"]
[BlackElo "1783"]
[PlyCount "82"]
[EventDate "2025.??.??"]
[WhiteTeam "Monaco"]
[BlackTeam "Yorkshire"]
[WhiteTeamCountry "MNC"]

1. d4 d5 2. c4 c6 3. Nc3 Nf6 4. Nf3 dxc4 5. a4 Bf5 6. e3 e6 7. Bxc4 h6 8. O-O
Be7 9. Qe2 O-O 10. e4 Bg6 11. Bf4 Nh5 12. Be3 Nf6 13. Bd3 Bb4 14. e5 Bxd3 15.
Qxd3 Nd5 16. Nd2 Nd7 17. Nxd5 cxd5 18. f4 f6 19. Qb5 Bxd2 20. Bxd2 Nb6 21. b3
Qd7 22. Qd3 fxe5 23. fxe5 Rxf1+ 24. Rxf1 Rf8 25. Rxf8+ Kxf8 26. Qh7 Qe8 27. h4
Nd7 28. Bb4+ Kf7 29. h5 Nf8 30. Qd3 Kg8 31. Bxf8 Kxf8 32. Qf3+ Qf7 33. Qxf7+
Kxf7 34. b4 Ke7 35. Kf2 Kd7 36. Ke3 b6 37. b5 Ke7 38. Kd3 Kd7 39. Kc3 Kc7 40.
Kb4 Kb7 41. a5 Kc7 1/2-1/2

[Event "12th ChessMates International, York"]
[Site "York Guildhall"]
[Date "2025.03.21"]
[Round "2.25"]
[White "Ganti, Shriaansh"]
[Black "Spinosi, Aurelien"]
[Result "1/2-1/2"]
[WhiteElo "1980"]
[BlackElo "1976"]
[PlyCount "138"]
[EventDate "2025.??.??"]
[WhiteTeam "Yorkshire"]
[BlackTeam "Monaco"]
[BlackTeamCountry "MNC"]

1. e4 c5 2. Nf3 g6 3. d4 cxd4 4. Nxd4 Nc6 5. Nc3 Bg7 6. Be3 Nf6 7. Bc4 O-O 8.
Bb3 d6 9. f3 Nxd4 10. Bxd4 Be6 11. Qd3 Qa5 12. O-O-O Rab8 13. Kb1 b5 14. g4 b4
15. Ne2 Bxb3 16. cxb3 Rfc8 17. Rc1 Nd7 18. Bxg7 Kxg7 19. h4 Ne5 20. Qe3 Qb5 21.
Rcd1 Qc5 22. Nd4 Nc6 23. h5 Nxd4 24. Rxd4 e5 25. Rd3 Qxe3 26. Rxe3 Kf6 27. Rd3
Rc6 28. hxg6 hxg6 29. Rc1 Rbb6 30. Rc4 Kg5 31. Kc2 Kf4 32. a3 bxa3 33. bxa3
Rxc4+ 34. bxc4 f5 35. gxf5 gxf5 36. exf5 Kxf5 37. Kc3 Kf4 38. a4 a5 39. Rd5 Ra6
40. Kb3 Rb6+ 41. Rb5 Ra6 42. c5 dxc5 43. Rxc5 Kxf3 44. Rxe5 Kf4 45. Rc5 Ke4 46.
Kc4 Ra7 47. Kb5 Kd4 48. Rc8 Rb7+ 49. Kxa5 Rb1 50. Ka6 Kd5 51. a5 Kd6 52. Ka7
Kd7 53. Rb8 Ra1 54. Rb5 Kc6 55. Rb6+ Kc7 56. a6 Ra2 57. Rb1 Kc6 58. Rh1 Rb2 59.
Rh6+ Kc7 60. Rh7+ Kc6 61. Ka8 Rb1 62. Rh8 Kc7 63. a7 Rg1 64. Rh7+ Kc8 65. Rh2
Rc1 66. Rb2 Rc3 67. Rb4 Rc1 68. Rb8+ Kc7 69. Rc8+ Kxc8 1/2-1/2

[Event "12th ChessMates International, York"]
[Site "York Guildhall"]
[Date "2025.03.21"]
[Round "2.26"]
[White "Marchix, Timeo"]
[Black "Burke, Alex"]
[Result "0-1"]
[WhiteElo "1603"]
[BlackElo "1816"]
[PlyCount "99"]
[EventDate "2025.??.??"]
[WhiteTeam "Monaco"]
[BlackTeam "Yorkshire"]
[WhiteTeamCountry "MNC"]

1. e4 e6 2. d4 d5 3. Nc3 Nf6 4. Bg5 dxe4 5. Nxe4 Nbd7 6. Nf3 Be7 7. Bxf6 Nxf6
8. Ng3 O-O 9. Bd3 b6 10. O-O Bb7 11. c3 c5 12. Be2 Nd5 13. Qc2 Nf4 14. Rad1 Qc7
15. Rfe1 Rad8 16. dxc5 Qxc5 17. Ne4 Qf5 18. Rxd8 Rxd8 19. Bf1 Qg6 20. g3 Qh5
21. Be2 Nxe2+ 22. Qxe2 h6 23. Nd4 Qd5 24. f3 Qxa2 25. Kg2 Qd5 26. Nc2 Qd3 27.
Nf2 Qxe2 28. Rxe2 Ba6 29. Re1 Rd2 30. Ne3 Rxb2 31. Ra1 Bb5 32. Rxa7 Bc5 33.
Ned1 Rd2 34. Ra8+ Kh7 35. Ra7 Be2 36. Ra1 Bxd1 37. Rxd1 Rxf2+ 38. Kh3 Rxf3 39.
Rd7 f5 40. c4 e5 41. Rd5 e4 42. Re5 e3 43. Re8 Rf2 44. Re6 e2 45. g4 f4 46. g5
hxg5 47. Kg4 Bb4 48. c5 bxc5 49. h4 e1=Q 50. Kh5 0-1

[Event "12th ChessMates International, York"]
[Site "York Guildhall"]
[Date "2025.03.21"]
[Round "2.27"]
[White "Madzia, Nathan"]
[Black "Alfano, Emilie"]
[Result "0-1"]
[WhiteElo "1867"]
[BlackElo "2141"]
[PlyCount "54"]
[EventDate "2025.??.??"]
[WhiteTeam "Yorkshire"]
[BlackTeam "Monaco"]
[BlackTeamCountry "MNC"]

1. e4 c5 2. Nc3 e6 3. Nge2 Nc6 4. g3 d5 5. d3 Nf6 6. Bg5 d4 7. Nb1 e5 8. Bg2
Be7 9. h3 Bd7 10. a4 a6 11. Na3 Na5 12. O-O Bxa4 13. f4 h6 14. Bxf6 Bxf6 15.
fxe5 Bxe5 16. Nf4 Bd7 17. Qh5 Qg5 18. Qf3 O-O 19. h4 Qd8 20. Nd5 b5 21. Rf2 Nc6
22. Bf1 Ne7 23. Re1 Bc6 24. Bh3 Nxd5 25. exd5 Bxd5 26. Qg4 Qd6 27. Rxe5 Qxe5
0-1

[Event "12th ChessMates International, York"]
[Site "York Guildhall"]
[Date "2025.03.21"]
[Round "2.29"]
[White "Woozeer, Seth"]
[Black "Kriuchkov, Nikita"]
[Result "1-0"]
[WhiteElo "1730"]
[BlackElo "1666"]
[PlyCount "103"]
[EventDate "2025.??.??"]
[WhiteTeam "Yorkshire"]
[BlackTeam "Monaco"]
[BlackTeamCountry "MNC"]

1. e4 e5 2. Nf3 Nc6 3. Bb5 a6 4. Ba4 Nf6 5. O-O b5 6. Bb3 Be7 7. Re1 d6 8. c3
Na5 9. Bc2 c5 10. d4 Qc7 11. h3 Bb7 12. d5 Nc4 13. Nbd2 Nb6 14. Nf1 O-O 15. Ng3
a5 16. a4 b4 17. cxb4 cxb4 18. b3 Ba6 19. Be3 Rac8 20. Bd3 Qb7 21. Nf5 Rfe8 22.
Bxa6 Qxa6 23. Rc1 Nbd7 24. Nxe7+ Rxe7 25. Qe2 Qa8 26. Rxc8+ Qxc8 27. Rc1 Nc5
28. Bxc5 dxc5 29. Qc4 Nd7 30. Ne1 h6 31. Nd3 Nf6 32. f3 Rc7 33. Nxe5 Nd7 34.
Nxd7 Qxd7 35. Qa6 Kh7 36. Qxa5 Qd6 37. Qb5 Qf4 38. Qc4 f6 39. e5 Qg5 40. e6 Kh8
41. d6 Rc6 42. Rd1 Qe5 43. d7 Rd6 44. d8=Q+ Rxd8 45. Rxd8+ Kh7 46. Qe4+ Qxe4
47. fxe4 f5 48. e7 fxe4 49. e8=Q e3 50. Rd6 e2 51. Qg6+ Kg8 52. Rd8# 1-0

[Event "12th ChessMates International, York"]
[Site "York Guildhall"]
[Date "2025.03.21"]
[Round "2.30"]
[White "Pervent, Louis"]
[Black "Singh, Adamjeet"]
[Result "0-1"]
[WhiteElo "1576"]
[BlackElo "1544"]
[PlyCount "64"]
[EventDate "2025.??.??"]
[WhiteTeam "Monaco"]
[BlackTeam "Yorkshire"]
[WhiteTeamCountry "MNC"]

1. e4 e6 2. d4 d5 3. Nc3 Nf6 4. e5 Nfd7 5. Bd3 c5 6. Be3 Nc6 7. Bb5 Qb6 8. Nge2
a6 9. Bxc6 Qxc6 10. O-O Be7 11. Rb1 O-O 12. f4 f6 13. a3 b5 14. Qd2 Bb7 15. b4
cxb4 16. axb4 Nb6 17. Qd3 Nc4 18. Bf2 fxe5 19. fxe5 Rf7 20. h3 Bg5 21. Nd1 Nd2
22. Rb2 Nxf1 23. Kxf1 Raf8 24. Kg1 Qc4 25. Qxc4 dxc4 26. Rb1 Be4 27. Rb2 Ra8
28. Ra2 Rfa7 29. Nec3 Bc6 30. Rb2 Rf7 31. Ra2 Bb7 32. Ne4 Bxe4 0-1

[Event "12th ChessMates International, York"]
[Site "York Guildhall"]
[Date "2025.03.21"]
[Round "2.31"]
[White "Van Batenburg, Mees"]
[Black "Rohde, Niclas"]
[Result "0-1"]
[WhiteElo "2228"]
[BlackElo "2147"]
[PlyCount "80"]
[EventDate "2025.??.??"]
[WhiteTeam "Rotterdamse Schaakbond"]
[BlackTeam "LSJ Sachsen-Anhalt"]

1. d4 Nf6 2. Bf4 g6 3. Nc3 d5 4. e3 Bg7 5. h4 h5 6. Nf3 Bf5 7. Ne5 c6 8. f3
Nbd7 9. Qd2 Nxe5 10. Bxe5 Kf8 11. Be2 Be6 12. O-O-O Nd7 13. Bxg7+ Kxg7 14. g4
Nf6 15. gxh5 Nxh5 16. Rdg1 Qc7 17. f4 Rag8 18. Rg5 Kf8 19. Bd3 Ng7 20. Qf2 Rh6
21. Ne2 Rgh8 22. Ng1 Bf5 23. Bxf5 Nxf5 24. Nf3 c5 25. Rg4 cxd4 26. Nxd4 Qd7 27.
Nf3 Qe6 28. Ne5 d4 29. exd4 Qxa2 30. Rh3 Qa1+ 31. Kd2 Qxb2 32. Rc3 Nd6 33. Qf3
Rxh4 34. Rg2 Rh1 35. Nd3 Qa1 36. Nf2 Qc1+ 37. Kd3 Re1 38. Rc7 Rh4 39. Nh3 Rd1+
40. Kc3 Qa3# 0-1

[Event "12th ChessMates International, York"]
[Site "York Guildhall"]
[Date "2025.03.21"]
[Round "2.32"]
[White "Haubold, Sebastian"]
[Black "Aarts, Joaquin"]
[Result "1-0"]
[WhiteElo "2151"]
[BlackElo "1983"]
[PlyCount "79"]
[EventDate "2025.??.??"]
[WhiteTeam "LSJ Sachsen-Anhalt"]
[BlackTeam "Rotterdamse Schaakbond"]

1. e4 c5 2. Nf3 d6 3. d4 cxd4 4. Nxd4 Nf6 5. Nc3 a6 6. Qd3 Nbd7 7. Be2 b5 8.
Nd5 Bb7 9. Nxf6+ Nxf6 10. f3 e5 11. Nb3 d5 12. exd5 Rc8 13. Bg5 Qxd5 14. O-O-O
Qxd3 15. Bxd3 Nd7 16. Bf5 Rc7 17. Rhe1 f6 18. Bd2 Bc6 19. Nd4 g6 20. Ba5 Bh6+
21. Kb1 Rc8 22. Be6 exd4 23. Bxd7+ Kxd7 24. Rxd4+ Bd5 25. Rxd5+ Kc6 26. Red1
Bf4 27. g3 Bc7 28. Bxc7 Kxc7 29. Rd7+ Kb8 30. R7d6 Rhe8 31. Rxa6 Re2 32. Rb6+
Ka7 33. Rxb5 Rcxc2 34. Rd7+ Ka6 35. Rbb7 Rxh2 36. Ra7+ Kb6 37. Rdb7+ Kc6 38.
Rc7+ Kb6 39. Rxc2 Rh1+ 40. Rc1 1-0

[Event "12th ChessMates International, York"]
[Site "York Guildhall"]
[Date "2025.03.21"]
[Round "2.33"]
[White "Wink, Luka"]
[Black "Herter, Arne"]
[Result "1-0"]
[WhiteElo "2147"]
[BlackElo "2073"]
[PlyCount "37"]
[EventDate "2025.??.??"]
[WhiteTeam "Rotterdamse Schaakbond"]
[BlackTeam "LSJ Sachsen-Anhalt"]

1. e4 c5 2. Nf3 d6 3. d4 cxd4 4. Nxd4 Nf6 5. Nc3 a6 6. h3 e5 7. Nf3 Be7 8. g4
Nc6 9. g5 Nd7 10. Be3 Nc5 11. Bc4 b5 12. Bd5 Bd7 13. Qd2 Qc7 14. h4 b4 15. Ne2
Be6 16. Ng3 Rc8 17. Nf5 Bxf5 18. exf5 Qd7 19. Bxc5 1-0

[Event "12th ChessMates International, York"]
[Site "York Guildhall"]
[Date "2025.03.21"]
[Round "2.34"]
[White "Petzold, Johannes Julius"]
[Black "Lopes, Samuel"]
[Result "0-1"]
[WhiteElo "1889"]
[BlackElo "2026"]
[PlyCount "96"]
[EventDate "2025.??.??"]
[WhiteTeam "LSJ Sachsen-Anhalt"]
[BlackTeam "Rotterdamse Schaakbond"]

1. e4 c5 2. Nf3 Nc6 3. d4 cxd4 4. Nxd4 Nf6 5. Nc3 d6 6. Bg5 e6 7. Qd2 a6 8.
O-O-O Be7 9. f4 Bd7 10. Be2 h6 11. Bxf6 Bxf6 12. Nb3 Be7 13. Kb1 Qc7 14. Bf3
O-O-O 15. g4 g5 16. f5 Ne5 17. Qf2 Nc4 18. Be2 Rhe8 19. Rd4 Ne5 20. Rhd1 Kb8
21. Qf1 Bc6 22. h3 Rd7 23. Bc4 Nxc4 24. Qxc4 Bf6 25. R4d3 Be5 26. a4 Qd8 27.
Nd4 Rc7 28. Qb4 Bd7 29. Nf3 Bxc3 30. bxc3 exf5 31. gxf5 Bc6 32. Rxd6 Qc8 33.
R1d4 a5 34. Qxa5 Bxe4 35. Ne5 Bxf5 36. Kb2 Rc5 37. Qb6 Rc7 38. c4 f6 39. Nf7
Rc6 40. Qb5 Qc7 41. Rd8+ Rxd8 42. Rxd8+ Bc8 43. Qd5 Rxc4 44. Rxc8+ Qxc8 45.
Qd6+ Ka8 46. Qxf6 Rxc2+ 47. Kb3 Qc4+ 48. Ka3 Ra2# 0-1

[Event "12th ChessMates International, York"]
[Site "York Guildhall"]
[Date "2025.03.21"]
[Round "2.35"]
[White "Terlouw, Wouter"]
[Black "Noennig, Jakob"]
[Result "0-1"]
[WhiteElo "2092"]
[BlackElo "2030"]
[PlyCount "62"]
[EventDate "2025.??.??"]
[WhiteTeam "Rotterdamse Schaakbond"]
[BlackTeam "LSJ Sachsen-Anhalt"]

1. d4 d5 2. c4 e6 3. Nf3 Nf6 4. g3 Be7 5. Bg2 O-O 6. Nc3 c6 7. O-O b6 8. Ne5
Nfd7 9. f4 f6 10. Nxd7 Qxd7 11. cxd5 exd5 12. e4 dxe4 13. Bxe4 Bb7 14. Be3 f5
15. Bf3 Na6 16. a4 Nc7 17. a5 Bf6 18. Qb3+ Kh8 19. Rfd1 b5 20. Rac1 Rad8 21.
Kg2 a6 22. Na2 Nd5 23. Bf2 Qf7 24. Bxd5 Rxd5 25. Nb4 c5 26. Kg1 cxb4 27. Qxb4
Rfd8 28. Qc3 R5d7 29. Qc5 Qh5 30. Rd2 Qf3 31. Kf1 Bxd4 0-1